书目信息 |
| 题名: |
新闻标题精选5000例
|
|
| 作者: | ;《巴蜀报人》工作室 编写 | |
| 分册: | ||
| 出版信息: | 重庆 重庆出版社 2000 |
|
| 页数: | 258页 | |
| 开本: | 20cm | |
| 丛书名: | ||
| 单 册: | ||
| 中图分类: | G213 | |
| 科图分类: | ||
| 主题词: | 标题(文献)--新闻工作:编辑工作--研究 | |
| 电子资源: | ||
| ISBN: | 7-5366-5065-5 | |
| 000 | 00619nam0 2200193 45 | |
| 001 | 0303311500 | |
| 005 | 20031219104108.3 | |
| 010 | @a7-5366-5065-5@dCNY13.00 | |
| 100 | @a20030331d2000 km y0chiy0120 ea | |
| 101 | 0 | @achi |
| 105 | @a z 000yy | |
| 200 | 1 | @a新闻标题精选5000例@AXin Wen Biao Ti Jing Xuan 5000 Li@f《巴蜀报人》工作室编写@F《Ba Shu Bao Ren》Gong Zuo Shi Bian Xie |
| 210 | @a重庆@c重庆出版社@d2000 | |
| 215 | @a258页@d20cm | |
| 606 | 0 | @a标题(文献)@x新闻工作:编辑工作@x研究 |
| 690 | @aG213@v4 | |
| 711 | 02 | @a《巴蜀报人》工作室@4编写 |
| 801 | @aCN@bTSTC@c20030331 | |
| 905 | @b321789-790@dG213@e119@f2 | |
| 新闻标题精选5000例/《巴蜀报人》工作室编写.-重庆:重庆出版社,2000 |
| 258页;20cm |
| ISBN 7-5366-5065-5:CNY13.00 |
| ● |
| 相关链接 |
|
|
|
|
正题名:新闻标题精选5000例
索取号:G213/119
 
预约/预借
| 序号 | 登录号 | 条形码 | 馆藏地/架位号 | 状态 | 备注 |
| 1 | 0321789 | 203217893 | 第四借阅区/ [索取号:G213/119] | 在馆 | |
| 2 | 0321790 | 203217900 | 第一样本阅览室/ [索取号:G213/119] | 在馆 |